| 000 | 00345nam a22001337a 4500 | ||
|---|---|---|---|
| 020 | _a9781449394639 | ||
| 082 | _a005.437 HOO | ||
| 100 | _aHoober, Steven | ||
| 245 | _aDesigning mobile interfaces | ||
| 260 |
_aNew York _bO'Reilly _c2012 |
||
| 300 |
_axxxiii, 545 p. : _e24 cm |
||
| 650 | _aUser interfaces (Computer systems)--Design | ||
| 942 | _cBK | ||
| 999 |
_c12848 _d12848 |
||